000
00305nam a2200133 4500
005
20260530115312.0
100
1
_a
Paco Asencio
245
1
0
_a
Staricases
264
1
_b
TeNeues
_c
2004
300
_a
400 páginas
336
_a
texto
_2
rdacontent
337
_a
sin medio
_2
rdamedia
338
_a
volumen
_2
rdacarrier
999
_c
13432
_d
13432